|
LDR
| 01945nam a2200577 i 4500 |
|---|
| 001 | 49797 |
|---|
| 003 | CZ-PrJAB |
|---|
| 005 | 20211210095511.0 |
|---|
| 008 | 211116s2021 xr ||| | cze |
|---|
| 015 | | . |
‡acnb003325517 |
|---|
| 020 | | . |
‡a978-80-262-1804-3
‡q(vázáno) |
|---|
| 035 | | . |
‡a(CZ PrSKC)016020003794855 |
|---|
| 040 | | . |
‡aULG001
‡bcze
‡erda |
|---|
| 041 | 1 | . |
‡acze
‡heng |
|---|
| 072 | | 7. |
‡a821.111-3
‡xAnglická próza, anglicky psaná
‡2Konspekt
‡925 |
|---|
| 072 | | 7. |
‡a821-93
‡xLiteratura pro děti a mládež (beletrie)
‡2Konspekt
‡926 |
|---|
| 080 | | . |
‡a821.111-32
‡2MRF |
|---|
| 080 | | . |
‡a821-93
‡2MRF |
|---|
| 080 | | . |
‡a(0.027.6)74/77
‡2MRF |
|---|
| 100 | 1 | . |
‡aHoráček, Petr,
‡d1967-
‡7xx0151165
‡4aut |
|---|
| 240 | 1 | 0. |
‡aElephant.
‡lČesky |
|---|
| 245 | 1 | 0. |
‡aSlon /
‡cPetr Horáček |
|---|
| 250 | | . |
‡aVydání první |
|---|
| 264 | | 1. |
‡aPraha :
‡bPortál,
‡c2021 |
|---|
| 300 | | . |
‡a32 nečíslovaných stran :
‡bbarevné ilustrace ;
‡c27 cm |
|---|
| 336 | | . |
‡atext
‡btxt
‡2rdacontent |
|---|
| 336 | | . |
‡astatický obraz
‡bsti
‡2rdacontent |
|---|
| 337 | | . |
‡abez média
‡bn
‡2rdamedia |
|---|
| 338 | | . |
‡asvazek
‡bnc
‡2rdacarrier |
|---|
| 500 | | . |
‡aIlustrace Petr Horáček |
|---|
| 655 | | 7. |
‡aanglicky psané příběhy
‡7fd183173
‡2czenas |
|---|
| 655 | | 7. |
‡aautorské knihy
‡7fd756049
‡2czenas |
|---|
| 655 | | 7. |
‡apublikace pro děti
‡7fd133156
‡2czenas |
|---|
| 910 | | . |
‡aABG312 |
|---|
| 995 | | . |
‡aska |
|---|
| 901 | | . |
‡a49797
‡bAUTOGEN
‡c49797
‡tbiblio |
|---|